Types of Bread Products - Statistics

General Stats
  • This quiz has been taken 112 times
  • The average score is 13 of 15
Answer Stats
Picture Answer % Correct
Cake
95%
Cupcake
95%
Pie
94%
Bagel
93%
Cookie
93%
Toast
93%
Brownie
90%
Muffin
90%
Chips
89%
Churro
86%
Doughnut
80%
Gingerbread
79%
Cake Pop
69%
Fortune Cookie
69%
Roll
62%
No matching quizzes found
Score Distribution
Percent of People with Each Score
Percentile by Number Answered
Your Score History
You have not taken this quiz